Metódy operačného výskumu a umelej inteligencie pri riešení optimalizačných problémov
Charakteristika operačného výskumu a umelej inteligencie. Techniky umelej inteligencie a operačného výskumu. Metódy pre riešenie optimalizačných úloh.
Enregistré dans:
| Auteur principal: | |
|---|---|
| Format: | Chapitre de livre |
| Langue: | slovaque |
| Sujets: | |
| Tags: |
Pas de tags, Soyez le premier à ajouter un tag!
|
MARC
| LEADER | 00000naa$a2200000$$$4500 | ||
|---|---|---|---|
| 001 | 0065996 | ||
| 005 | 20240502071800.8 | ||
| 041 | 0 | |a slo | |
| 044 | |a SK | ||
| 245 | 1 | 0 | |a Metódy operačného výskumu a umelej inteligencie pri riešení optimalizačných problémov |c Zuzana Čičková |
| 520 | |a Charakteristika operačného výskumu a umelej inteligencie. Techniky umelej inteligencie a operačného výskumu. Metódy pre riešenie optimalizačných úloh. | ||
| 610 | 2 | 0 | |a inteligencia umelá |
| 610 | 2 | 0 | |a výskum operačný |
| 610 | 2 | 0 | |a metódy heuristické |
| 610 | 2 | 0 | |a pojmy |
| 100 | 1 | |a Čičková, Zuzana, 1978- | |